000
00295nam a2200097Ia 4500
001
652185
005
20250826154434.0
008
250824s9999 xx 000 0 und d
245
0
_a
Hayvanlarda Saldırı ve Savunma Taklitçilik ve İlişkiler
_c
Kimberley Jane Pryor
260
_b
TÜBİTAK YAYINLARI
999
_c
652185
_d
652185